| 000 | 01621nam0a2200337 i 4500 | ||
|---|---|---|---|
| 001 | RU\NLR\BIBL_A\010887957 | ||
| 005 | 20240921151820.0 | ||
| 010 |
_a9785446815838 _91000 |
||
| 021 |
_aRU _b2016-3533 _9214 |
||
| 035 | _a(NLR Aleph) 010887957 | ||
| 090 |
_a10536236 _c10536236 |
||
| 100 | _a20151112d2015 u y0rusy50 ca | ||
| 101 | 0 | _arus | |
| 102 | _aRU | ||
| 105 | _aa j 000yy | ||
| 200 | 1 |
_aБезопасность в чрезвычайных ситуациях _eучебник _eдля студентов высших учебных заведений, обучающихся по направлению подготовки бакалавров "Техносферная безопасность" _fБ.С. Мастрюков |
|
| 205 | _a6-е изд., перераб. и доп. | ||
| 210 |
_aМосква _cАкадемия _d2015 |
||
| 215 |
_a315, [1] с. _cил. _d22 |
||
| 225 | 1 |
_aВысшее образование _iБезопасность жизнедеятельности |
|
| 225 | 1 | _aБакалавриат | |
| 300 | _aНа обл.: 6-е изд. | ||
| 300 | _aНа обороте тит. л. в макете загл. сер.: Сер. Бакалавриат | ||
| 320 | _aБиблиогр.: с. 311 | ||
| 606 | 1 |
_aБезопасность жизнедеятельности _jУчебники для высших учебных заведений _91373082 _3RU\NLR\auth\66261709 |
|
| 686 | 1 | _aЦ69,6(2)0я73 | |
| 700 | 1 |
_aМастрюков _bБ. С. _gБорис Степанович |
|
| 942 | _cBOOK | ||
| 980 | _aNBR | ||